00361nam a2200133 a 45000010010000000030011000100080041000210350026000620820014000881000032001022450022001342600040001566500031001960000-9181ELIB.Books110520 1971  a(ELIB.Books)0000-9333 a260 bTru aTrumbull, Charles Gallaudet aVictory In Christ bCanada: Living Books For All c1971 aChristian Church - Society